|
|
|
|
| LEADER |
01063nam a2200289 a 4500 |
| 001 |
12624774 |
| 008 |
120404r20082007maua b 001 0 eng |
| 999 |
|
|
|c 12069
|d 12069
|
| 010 |
|
|
|a 2001099577
|
| 020 |
|
|
|a 0070660050
|
| 020 |
|
|
|a 0072335424
|
| 020 |
|
|
|a 0071123423 (International ed.)
|
| 040 |
|
|
|a DLC
|c DLC
|d DLC
|d BD-DhAAL
|
| 042 |
|
|
|a pcc
|
| 082 |
0 |
0 |
|a 330.028
|2 21
|
| 100 |
1 |
|
|a Gujarati, Damodar N.
|9 30107
|
| 245 |
1 |
0 |
|a Basic econometrics /
|c Damodar N. Gujarati, Sangeetha
|
| 250 |
|
|
|a 4th ed.
|
| 260 |
|
|
|a Boston ;
|a New Delhi :
|b Tata McGraw Hill,
|c c2007 [reprinted 2008].
|
| 300 |
|
|
|a xxix, 1036 p. :
|b ill. ;
|c 24 cm. +
|e 1 computer optical disc (4 3/4 in.)
|
| 504 |
|
|
|a Includes bibliographical references and indexes.
|
| 541 |
|
|
|e 00019015
|
| 650 |
|
0 |
|a Econometrics.
|9 30108
|
| 700 |
0 |
|
|a Sangeetha
|9 30109
|
| 852 |
1 |
|
|a Ayesha Abed Library
|c General shelf.
|
| 942 |
|
|
|2 ddc
|c BK
|
| 952 |
|
|
|0 0
|1 0
|2 ddc
|4 0
|6 330_028000000000000_GUJ
|7 0
|9 19912
|a BRACUL
|b BRACUL
|c GEN
|d 2012-04-05
|l 14
|m 101
|o 330.028 GUJ
|p 3010019015
|r 2024-01-22
|s 2023-09-27
|t 1
|w 2012-04-05
|y BK
|